|
|
|
|
| LEADER |
00000nas a22000007a 4500 |
| 001 |
ssj0000070810 |
| 003 |
WaSeSS |
| 005 |
20200512172242.0 |
| 006 |
m d |
| 007 |
cr n |
| 008 |
090330c20079999ii tr s 0 0eng |
| 010 |
|
|
|a 2009243299
|
| 016 |
7 |
|
|a 101500601
|2 DNLM
|
| 022 |
|
|
|a 0975-3125
|l 0975-3125
|y 1658-354X
|
| 025 |
|
|
|a I-D-E-2009-243299; 42
|
| 035 |
|
|
|a (WaSeSS)ssj0000070810
|
| 040 |
|
|
|a NLM
|b eng
|c NLM
|d DLC
|d CUS
|d OCLCQ
|d OCLCA
|d OCLCF
|d OCLCQ
|d RDF
|d OCLCQ
|d WaSeSS
|
| 042 |
|
|
|a pcc
|
| 043 |
|
|
|a a-su---
|
| 050 |
1 |
4 |
|a RD78.3
|b .S38
|
| 060 |
0 |
0 |
|a W1
|b SA96526
|
| 245 |
0 |
0 |
|a Saudi journal of anaesthesia
|h [electronic resource].
|
| 246 |
1 |
4 |
|a SJA
|
| 260 |
|
|
|3 Apr. 2007-Dec. 2009 :
|a Riyadh :
|b Saudi Anaesthetic Association
|
| 260 |
3 |
|
|3 Jan. 2010- :
|a Mumbai :
|b Medknow Publications
|
| 310 |
|
|
|a Three times a year,
|b 2010-
|
| 321 |
|
|
|a Semiannual,
|b 2007-2009
|
| 362 |
0 |
|
|a Vol. 1, no. 1 (Apr. 2007)-
|
| 500 |
|
|
|a Title from cover.
|
| 506 |
|
|
|a License restrictions may limit access.
|
| 588 |
|
|
|a Latest issue consulted: Vol. 4, issue 3 (Sept./Dec. 2010).
|
| 650 |
|
0 |
|a Anesthesia
|v Periodicals.
|
| 650 |
|
0 |
|a Anesthesia
|z Saudi Arabia
|v Periodicals.
|
| 650 |
1 |
2 |
|a Anesthesia.
|
| 650 |
|
7 |
|a Anesthesia.
|2 fast
|0 (OCoLC)fst00808644
|
| 651 |
|
7 |
|a Saudi Arabia.
|2 fast
|0 (OCoLC)fst01210372
|
| 655 |
|
0 |
|a Electronic journals.
|
| 710 |
2 |
|
|a Jamʻīyah al-Saʻūdīyah al-Ṭibb al-Takhdīr.
|
| 850 |
|
|
|a DNLM
|
| 856 |
4 |
0 |
|z Full text available from Research Library: 07/01/2009 to present
|u https://search.proquest.com/publication/226459
|